EFECTOS DE REGULADORES HORMONALES SOBRE EL CRECIMIENTO Y DESARROLLO EN PLANTULAS DE VIVERO EN ESPECIES FORESTALES (Registro nro. 19590)
[ vista simple ]
| 000 -CABECERA | |
|---|---|
| Campo de control | 00536nam a22001577a 4500 |
| 005 - FECHA Y HORA DE LA ULTIMA TRANSACCION | |
| Campo de control | 20191217042654.0 |
| 008 - ELEMENTOS DE LONGITUD FIJA—INFORMACION GENERAL | |
| Campo de control | 170609b xxu||||| |||| 00| 0 spa d |
| 040 ## - FUENTE DE CATALOGACIÓN | |
| Agencia catalogadora original | CO-BoIAVH |
| Agencia transcriptora | CO-BoIAVH |
| 041 ## - IDIOMA | |
| Código de idioma para texto/pista de sonido o título separado | Español |
| 044 ## - PAÍS DE PUBLICACIÓN | |
| País de publicación | Colombia |
| 110 ## - ASIENTO PRINCIPAL--NOMBRE CORPORATIVO | |
| Nombre corporativo o de jurisdicción como elemento de entrada | INDERENA |
| 245 ## - MENCION DE TITULO | |
| Título | EFECTOS DE REGULADORES HORMONALES SOBRE EL CRECIMIENTO Y DESARROLLO EN PLANTULAS DE VIVERO EN ESPECIES FORESTALES |
| Parte restante del título | Investigaciones Forestales |
| 260 ## - PUBLICACION, DISTRIBUCION, ETC. (PIE DE IMPRENTA) | |
| Lugar de publicación, distribución, etc. | Bogota: |
| Nombre del editor, distribuidor, etc. | INDERENA, |
| Fecha de publicación, distribución, etc. | . |
| 300 ## - DESCRIPCION FISICA | |
| Extensión | 23 paginas folleto |
| Otros detalles físicos | ilustracion a color |
| Dimensiones | 16 x 24 cm |
| 942 ## - ELEMENTOS ADICIONALES (KOHA) | |
| Sistema de clasificación | Local |
| Tipo de ítem | Folleto |
No hay ítems disponibles.